That day the Rabbi left town /

Bibliographic Details
Main Author: Kemelman, Harry
Format: Book
Language:English
Published: New York : Fawcett Columbine, 1996.
Edition:1st ed.
Subjects:

MARC

Tag First Indicator Second Indicator Subfields
LEADER 00000cam a2200000 a 4500
001 in00001403742
005 20151020053142.0
008 950816s1996 nyu 000 1 eng
010 |a  95036074  
020 |a 0449910024 
035 |a (OCoLC)33043508 
035 |9 AHM7199AM 
040 |a DLC  |c DLC  |d TXA  |d UtOrBLW 
043 |a n-us-ma 
049 |a TXAM 
050 0 0 |a PS3561.E398  |b T48 1996 
082 0 0 |a 813/.54  |2 20 
100 1 |a Kemelman, Harry. 
245 1 0 |a That day the Rabbi left town /  |c by Harry Kemelman. 
250 |a 1st ed. 
264 1 |a New York :  |b Fawcett Columbine,  |c 1996. 
300 |a 245 pages ;  |c 25 cm. 
336 |a text  |b txt  |2 rdacontent 
337 |a unmediated  |b n  |2 rdamedia 
338 |a volume  |b nc  |2 rdacarrier 
650 0 |a Small, David (Fictitious character)  |v Fiction. 
650 0 |a Rabbis  |z Massachusetts  |x Fiction. 
655 7 |a Detective and mystery stories. 
999 |a MARS 
999 f f |s 1067ea4d-db3d-3ce4-b0ba-a0431e34931f  |i e618aec9-4123-3d2d-a5cd-9e579ca91ccf  |t 0 
952 f f |p ric  |a Texas A&M University  |b Rellis Campus  |c Joint Library Facility  |d Remote Storage  |t 0  |e PS3561.E398 T48 1996  |h Library of Congress classification  |i unmediated -- volume  |m A14822026079 
998 f f |a PS3561.E398 T48 1996  |t 0  |l Remote Storage